Faculty of Law Library — Cairo University

Official Online Catalog

الحماية الدستورية للموظف العامن : (Record no. 51779)

MARC details
000 -LEADER
fixed length control field 01317nam a2200337 i 4500
003 - CONTROL NUMBER IDENTIFIER
control field EG-GICUC
005 - DATE AND TIME OF LATEST TRANSACTION
control field 20260121101526.0
008 - FIXED-LENGTH DATA ELEMENTS--GENERAL INFORMATION
fixed length control field 251220b1997 ua ||||fr|||| 00| 0 ara d
017 ## - COPYRIGHT OR LEGAL DEPOSIT NUMBER
Copyright or legal deposit number ۱۹۹۷/۱۳۲۹۱
020 ## - INTERNATIONAL STANDARD BOOK NUMBER
International Standard Book Number ١٠ - ٢١٧٤ - ٠٤ - ٩٧٧
040 ## - CATALOGING SOURCE
Original cataloging agency EG-GICUC
Language of cataloging ara
Transcribing agency EG-GICUC
Modifying agency EG-GICUC
Description conventions rda
041 0# - LANGUAGE CODE
Language code of text/sound track or separate title ara
082 04 - DEWEY DECIMAL CLASSIFICATION NUMBER
Edition number 21
Classification number 345.43
Item number م ح . ح
092 04 - LOCALLY ASSIGNED DEWEY CALL NUMBER (OCLC)
Edition number 21
099 ## - LOCAL FREE-TEXT CALL NUMBER (OCLC)
Classification number Law1 07 345.43 م ح . ح 1997
100 0# - MAIN ENTRY--PERSONAL NAME
Personal name محمد فتحي محمد حسانين
Relator term مؤلف.
240 ## - UNIFORM TITLE
Uniform title
245 12 - TITLE STATEMENT
Title الحماية الدستورية للموظف العامن :
Remainder of title دراسة مقارنة بين مصر وفرنسا /
Statement of responsibility, etc. الدكتور محمد فتحي محمد حسانين.
264 #3 - PRODUCTION, PUBLICATION, DISTRIBUTION, MANUFACTURE, AND COPYRIGHT NOTICE
Place of production, publication, distribution, manufacture الشرقية :
Name of producer, publisher, distributor, manufacturer مطبعة الأهرام،
Date of production, publication, distribution, manufacture, or copyright notice 1997.
300 ## - PHYSICAL DESCRIPTION
Extent 739 ؛صفحة
Dimensions 24 سم.
336 ## - CONTENT TYPE
Source rda content
Content type term text
337 ## - MEDIA TYPE
Source rda media
Media type term Computer
338 ## - CARRIER TYPE
Source rda carrier
Carrier type term Online Resource
504 ## - BIBLIOGRAPHY, ETC. NOTE
Bibliography, etc. note .739-725 ببليوجرافيا: صفحات
546 ## - LANGUAGE NOTE
Language note النص أغلبه باللغة العربية مع بعض النصوص الفرنسية
650 14 - SUBJECT ADDED ENTRY--TOPICAL TERM
Topical term or geographic name entry element حقوق الموظف العام
650 14 - SUBJECT ADDED ENTRY--TOPICAL TERM
Topical term or geographic name entry element القانون الإداري
856 40 - ELECTRONIC LOCATION AND ACCESS
Uniform Resource Identifier <a href="https://fll.law.cu.edu.eg/fulltext/bks/B07-01493.pdf">https://fll.law.cu.edu.eg/fulltext/bks/B07-01493.pdf</a>
905 ## - Cataloger and Reviser Names
Cataloger Name: Sara El-Gendy
Revisor Name: Yara
942 ## - ADDED ENTRY ELEMENTS (KOHA)
Source of classification or shelving scheme Dewey Decimal Classification
Koha item type Books
Edition 21
Suppress in OPAC No
Holdings
Withdrawn status Lost status Source of classification or shelving scheme Damaged status Not for loan Collection Home library Current library Date acquired Total checkouts Full call number Barcode Date last seen Copy number Price effective from Koha item type
    Dewey Decimal Classification   Not for loan القانون التجاري جــــامعة القــاهرة مكتبة كلية الحقوق - المبنى الرئيسي 20.12.2025   Law1 07 345.43 م ح . ح 1997 0701493 C1 B07-01493 20.12.2025 1 20.12.2025 Books
    Dewey Decimal Classification     القانون الإداري جــــامعة القــاهرة مكتبة كلية الحقوق - المبنى الرئيسي 05.01.2026   Law1 07 345.43 م ح . ح 1997 0701406 C2 B07-01406 05.01.2026 2 05.01.2026 Books
    Dewey Decimal Classification     القانون الإداري جــــامعة القــاهرة مكتبة كلية الحقوق - فـرع الشيخ زايد 13.01.2026   Law2 07 345.43 م ح . ح 1997 0701695 C3 B07-01695 13.01.2026 3 13.01.2026 Books

© All rights reserved — Faculty of Law, Cairo University